| 000 | 00530nam a2200157 a 4500 | ||
|---|---|---|---|
| 005 | 20140412111410.0 | ||
| 008 | 070215s19uu xx 00 eng d | ||
| 020 | _a971-771-003-1 | ||
| 050 |
_aFil 383.49 _bS5 1997 |
||
| 100 | _aSantos, Evangeline | ||
| 245 |
_aWhen I grow up I to be a mail carrier : _bPaglaki ko gusto kong maging kartero / _cEvangeline Santos. |
||
| 260 |
_aPhilippines : _bMuseo pambata foundation, _c1997. |
||
| 650 | _aPostal services-- Letter carriers | ||
| 650 | _aVocational Interests | ||
| 999 |
_c105659 _d105659 |
||